000 00725nam a2200169 a 4500
008 071005s1998 ||||||||||||||||| || u
050 _aCOMM(02)
110 _aCommonwealth Youth Programme
245 1 0 _aYouth empowerment in the New Millennium
_cCommonwealth Youth Programme
260 _aLondon
_bCommonwealth Youth Programme
_c1998
300 _avi, 18p.
350 _a0.00
500 _aA Summary of the Commonwealth Plan of Action for Youth Empowerment
650 _aYOUTH--NEW MILLENNIUM--ECONOMIC CONDITIONS
650 _aYOUTHS IN DEVELOPMENT
995 _D0.00
_FCBU-MAIN LIBRARY (Kitwe)
_H1
_I0.00
_M1
_UAVAILABLE
_WOct 14, 2008
_ZInternational Publications
999 _c62309
_d62309